Subway (Ubahn) Stations of Munich - Statistics

General Stats
  • This quiz has been taken 221 times
  • The average score is 66 of 124
Answer Stats
Linie Station % Correct
U3/U6 Marienplatz
96%
U1/U2/U4/U5 Hauptbahnhof
94%
U3/U4/U5/U6 Odeonsplatz
88%
U1/U2/U3/U6 Sendlinger Tor
86%
U3/U6 Universität
85%
U6 Garching
80%
U3/U6 Münchner Freiheit
79%
U1/U3 | U1/U3 Olympia-Einkaufszentrum
79%
U3 Moosach
76%
U4/U5 Karlsplatz (Stachus)
71%
U4/U5 Theresienwiese
71%
U3/U6 Giselastraße
70%
U6 Garching-Forschungszentrum
69%
U3 Olympiazentrum
69%
U2 Feldmoching
68%
U5 Ostbahnhof
68%
U2 Messestadt Ost
67%
U6 Fröttmaning
65%
U6 Klinikum Großhadern
65%
U2 Königsplatz
65%
U2/U3 Scheidplatz
64%
U3/U6 Goetheplatz
62%
U2 Theresienstraße
61%
U6 Studentenstadt
60%
U5 Laimer Platz
58%
U4 Arabellapark
56%
U5 Neuperlach Süd
56%
U3 Bonner Platz
55%
U3 Fürstenried West
55%
U6 Harras
55%
U3/U6 Implerstraße
55%
U3/U6 Poccistraße
55%
U2 Josephsplatz
53%
U4/U5 Lehel
53%
U2 Messestadt West
53%
U6 Nordfriedhof
52%
U3 Petuelring
52%
U2/U5 Innsbrucker Ring
51%
U4/U5 Max-Weber-Platz
51%
U6 Alte Heide
50%
U6 Freimann
50%
U6 Garching-Hochbrück
50%
U2 Giesing
50%
U6 Großhadern
50%
U1/U2 Kolumbusplatz
50%
U3 Thalkirchen (Tierpark)
50%
U1/U2 Fraunhoferstraße
49%
U2 Hasenbergl
48%
U1 Mangfallplatz
48%
U2 Frankfurter Ring
47%
U6 Kieferngarten
47%
U5 Neuperlach Zentrum
47%
U2 Silberhornstraße
47%
U2 Am Hart
45%
U6 Dietlindenstraße
45%
U1 Gern
45%
U2 Hohenzollernplatz
45%
U3 Oberwiesenfeld
45%
U1 Rotkreuzplatz
45%
U6 Haderner Stern
44%
U2 Milbertshofen
44%
U2 Trudering
44%
U5 Michaelibad
42%
U1 Westfriedhof
42%
U6 Westpark
40%
U4/U5 Heimeranplatz
39%
U3 Brudermühlstraße
37%
U3 Moosacher St.-Martins-Platz
37%
U4/U5 Schwanthalerhöhe
37%
U1 Candidplatz
35%
U2 Harthof
35%
U1 Maillingerstraße
35%
U1 St.-Quirin-Platz
35%
U2 Dülferstraße
32%
U1 Stiglmaierplatz
32%
U1 Wettersteinplatz
32%
U3 Obersendling
31%
U1 Georg-Brauchle-Ring
30%
U2 Karl-Preis-Platz
30%
U2 Untersbergstraße
30%
U6 Holzapfelkreuth
29%
U4 Prinzregentenplatz
29%
U4 Richard-Strauss-Straße
29%
U4/U5 Westendstraße
29%
U3 Aidenbachstraße
27%
U4 Böhmerwaldplatz
27%
U3 Forstenrieder Allee
27%
U6 Partnachplatz
27%
U5 Quiddestraße
27%
U3 Basler Straße
24%
U2 Josephsburg
24%
U2 Kreillerstraße
24%
U2 Moosfeld
24%
U5 Therese-Giehse-Allee
22%
U3 Machtlfinger Straße
20%
U5 Friedenheimer Straße
15%
No matching quizzes found
Score Distribution
Percent of People with Each Score
Percentile by Number Answered
Your Score History
You have not taken this quiz